000 00419nam a2200181Ia 4500
005 20240823062020.0
008 240823s9999||||xx |||||||||||||| ||und||
041 _aENGLISH
082 _A333.72 Q8
100 _aMullanchery M Velaian
245 0 _aRescue The Planet Earth
250 _a1st
260 _c2018
_bKumari Arivial Pe
500 _aYES
650 _aScience
_bGeneral
942 _cBK
999 _c234891
_d234891